• 首页
  • 本馆介绍
  • 公告通知
  • 最新文献
  • 馆藏检索
  • 电子资源
  • 读者导购
  • 参考咨询
  • 我的图书馆
  • 登录
  • 详细信息显示
  • 放入我的书架
  • 预约/预借图书
  • 作者相关作品
  • 分类相关作品
  • 丛书相关作品
  • 出版社相关作品

书目信息

  • 表格格式
  • 工作单格式
  • 卡片格式
题名:
汉字结构演变史
    
 
作者: 张素凤 著
分册:  
出版信息: 上海   上海古籍出版社  2012
页数: 493页
开本: 21cm
丛书名:
单 册:
中图分类: H122
科图分类:
主题词: 汉字--结构--研究
电子资源:
ISBN: 978-7-5325-6431-6
000 01305nam0 2200253 45
001 1360107468
005 20130530093048.67
010    @a978-7-5325-6431-6@dCNY98.00
100    @a20130513d2012 em y0chiy50 ea
101 0  @achi
102    @aCN@b310000
105    @ay z 000yy
106    @ar
200 1  @a汉字结构演变史@AHan Zi Jie Gou Yan Bian Shi@dStructural evolution of Chinese characters@f张素凤著@FZhang Su Feng Zhu@zeng
210    @a上海@c上海古籍出版社@d2012
215    @a493页@d21cm
300    @a2011年度国家社科基金后期资助项目(11FYY001) 2008年度河北省社会科学基金项目(HB08BYY011)
330    @a本书对汉字结构变化情况进行了历时比较研究,即选取目前发现的最早殷周文字与秦代小篆有职能对应关系的1552个字作为古文字阶段汉字结构变化的研究对象;以《通用规范汉字表》为依据,选取3500个一级汉字与小篆有职能对应关系的2989个字作为今文字阶段汉字结构变化的研究对象,利用计算机数据库对这两个阶段的汉字结构及变化情况进行定量研究,在此基础上对汉字在不同阶段的结构特点、变化规律予以定性归纳,最后从汉字书写、记录职能和社会历史文化三个角度对汉字结变化的原因进行了深入的分析。
510 1  @aStructural evolution of Chinese characters@zeng
606 0  @a汉字@x结构@x研究
690    @aH122@v5
701  0 @a张素凤@AZhang Su Feng@4著
801    @aCN@bTANGWEI@c20130523
905    @b0834383-85@dH122@e160@f3
    
    汉字结构演变史=Structural evolution of Chinese characters/张素凤著.-上海:上海古籍出版社,2012
    493页;21cm
    2011年度国家社科基金后期资助项目(11FYY001) 2008年度河北省社会科学基金项目(HB08BYY011)
    
    ISBN 978-7-5325-6431-6:CNY98.00
    本书对汉字结构变化情况进行了历时比较研究,即选取目前发现的最早殷周文字与秦代小篆有职能对应关系的1552个字作为古文字阶段汉字结构变化的研究对象;以《通用规范汉字表》为依据,选取3500个一级汉字与小篆有职能对应关系的2989个字作为今文字阶段汉字结构变化的研究对象,利用计算机数据库对这两个阶段的汉字结构及变化情况进行定量研究,在此基础上对汉字在不同阶段的结构特点、变化规律予以定性归纳,最后从汉字书写、记录职能和社会历史文化三个角度对汉字结变化的原因进行了深入的分析。
●
相关链接 在E读中查询图书 在五车中查询图书 在当当中查询图书 在豆瓣中查询图书


正题名:汉字结构演变史     索取号:H122/160         预约/预借

序号 登录号 条形码 馆藏地/架位号 状态 备注
1 0834383   208343835   第二样本阅览室/ [索取号:H122/160] 在馆    
2 0834384   208343844   第四借阅区/ [索取号:H122/160] 在馆    
3 0834385   208343853   密集书库-文学院/ [索取号:H122/160] 在馆    
唐山师范学院图书馆 欢迎您!
大连网信软件有限公司© 版权所有